Nedisciplinované Francúzsko

Veľkolepé plány Francúzska a Nemecka na obnovenie rastu ekonomiky. Programy s cieľom naštartovať francúzsko-nemeckú ekonomiku. Rešpektovanie Paktu stability a návrat Francúzska k rigoróznej rozpočtovej politike. Vážne problémy so zdravotnou poisťovňou a pripravované zmeny v zdravotnej starostlivosti...

Ausführliche Beschreibung

Gespeichert in:
Bibliographische Detailangaben
Format: Buchkapitel
Sprache:Slowakisch
Schlagworte:
Tags: Tag hinzufügen
Keine Tags, Fügen Sie das erste Tag hinzu!

MARC

LEADER 00000naa$a2200000$$$4500
001 0003936
005 20230920090948.2
041 0 |a slo 
044 |a SK 
245 1 0 |a Nedisciplinované Francúzsko 
520 |a Veľkolepé plány Francúzska a Nemecka na obnovenie rastu ekonomiky. Programy s cieľom naštartovať francúzsko-nemeckú ekonomiku. Rešpektovanie Paktu stability a návrat Francúzska k rigoróznej rozpočtovej politike. Vážne problémy so zdravotnou poisťovňou a pripravované zmeny v zdravotnej starostlivosti. Zvýši sa daň za naftu pre súkromné vozidlá. Záchrana Credit Alstom. Francúzsko predloží novú, ozdravenú štruktúru rozpočtu. 
610 2 0 |a situácia hospodárska 
610 2 0 |a Európska únia 
610 2 0 |a Francúzsko 
610 2 0 |a Nemecko 
610 2 0 |a rast hospodársky 
610 2 0 |a recesia 
610 2 0 |a starostlivosť zdravotná 
610 2 0 |a rozpočet štátny